Η τέχνη του κινηματογράφου
Αποθηκεύτηκε σε:
| Κύριος συγγραφέας: | |
|---|---|
| Άλλοι συγγραφείς: | , , |
| Μορφή: | Βιβλίο |
| Γλώσσα: | Greek |
| Δημοσίευση: |
Αθήνα :
Αιγόκερως,
1999.
|
| Έκδοση: | 3η έκδ. |
| Σειρά: | Κινηματογράφος (Αιγόκερως (Εταιρεία))
|
| Θέματα: | |
| Ετικέτες: |
Προσθήκη ετικέτας
Δεν υπάρχουν, Καταχωρήστε ετικέτα πρώτοι!
|
MARC
| LEADER | 00000cam a2200000 i 4500 | ||
|---|---|---|---|
| 001 | 1/87030 | ||
| 008 | 051007r1999 gr | ||| |||| ||gre|| | ||
| 020 | |a 9603221171 | ||
| 035 | |l 10080712 | ||
| 040 | |a GR-MyUA |b gre |e AACR2 | ||
| 041 | 0 | |a gre | |
| 082 | 0 | |a 791.4309 |2 (22) | |
| 100 | 1 | |a Kuleshov, L. V. |q (Lev Vladimirovich) | |
| 245 | 1 | 2 | |a Η τέχνη του κινηματογράφου / |c Λέβ Κουλεσόφ ; μετάφραση Ίκαρος Μπαμπασάκης, Γιώργος Τσακνάκης, Δημήτρης Κολιόδημος ; πρόλογος-σημειώσεις Πόναλντ Λεβάκο. |
| 250 | |a 3η έκδ. | ||
| 260 | |a Αθήνα : |b Αιγόκερως, |c 1999. | ||
| 300 | |a 125 σ.; |c 21 εκ. | ||
| 490 | 1 | |a (Κινηματογράφος) | |
| 650 | 0 | 0 | |a Motion pictures. |
| 700 | 1 | |a Τσακνάκης, Γιώργος, |e trl | |
| 700 | 1 | |a Κολιόδημος, Δημήτρης, |e trl | |
| 700 | 1 | |a Μπαμπασάκης, Γιώργος-Ίκαρος, |d 1960- |e trl | |
| 830 | 0 | |a Κινηματογράφος (Αιγόκερως (Εταιρεία)) | |
| 852 | |a INST |b LESVOS |e 20051007 |h 791.4309 KUL |p 005100032758 |q 005100032758 |t BK |y 0 | ||
| 852 | |a INST |b LESVOS |e 20110623 |h 791.4309 KUL |p 005100048813 |q 005100048813 |t BK |y 0 | ||
| 852 | |a INST |b LESVOS |e 20110623 |h 791.4309 KUL |p 005100048814 |q 005100048814 |t BK |y 0 | ||
| 852 | |a INST |b LESVOS |e 20110623 |h 791.4309 KUL |p 005100048815 |q 005100048815 |t BK |y 0 | ||
| 852 | |a INST |b LESVOS |e 20110725 |h 791.4309 KUL |p 005100050138 |q 005100050138 |t BK |y 0 | ||
| 852 | |a INST |b SAMOS |e 20150707 |h 791.4309 KUL |p 005300042340 |q 005300042340 |t BK |y 0 | ||
| 901 | |a BIBL1-2005-3 | ||
| 901 | |a BIBL1-2011-2 | ||
| 909 | |a Λ |b 123963 | ||
| 909 | |a Λ |b 168181 | ||
| 909 | |a Λ |b 168182 | ||
| 909 | |a Λ |b 168183 | ||
| 909 | |a Λ |b 170090 | ||
| 920 | |a ΦΟΙΤΗΤΙΚΗ ΜΕΡΙΜΝΑ |y Λέσβος |z 2011-04 | ||
| 970 | |a ΚΑΡΑ |b ΓΙΑΣΕΜΗ |z 2005/10/07 | ||